La science historique en Union Sovietique : nouvelles recherches
Enregistré dans:
| Format: | Sách giấy |
|---|---|
| Publié: |
Moscou :
Académie des Sciences de I'U.R.S.S.,
1980
|
| Tags: |
Ajouter un tag
Pas de tags, Soyez le premier à ajouter un tag!
|
| Thư viện lưu trữ: | Thư viện Trường Đại học Đà Lạt |
|---|
| LEADER | 00551nam a2200229 4500 | ||
|---|---|---|---|
| 001 | DLU020017133 | ||
| 005 | ##2/13/2001 | ||
| 020 | # | # | |a 978- |
| 041 | # | # | |f re |
| 082 | # | # | |a 907 |b Las |
| 245 | # | # | |a La science historique en Union Sovietique : |b nouvelles recherches |
| 260 | # | # | |a Moscou : |b Académie des Sciences de I'U.R.S.S., |c 1980 |
| 300 | # | # | |a 200 tr.; |c 22 cm. |
| 992 | # | # | |a 1115 |
| 994 | # | # | |a DLU |
| 900 | # | # | |a False |
| 911 | # | # | |a Administrator |
| 925 | # | # | |a G |
| 926 | # | # | |a A |
| 927 | # | # | |a SH |
| 980 | # | # | |a Thư viện Trường Đại học Đà Lạt |